000
00292nam a2200109Ia 4500
008
200302s9999 xx 000 0 und d
100
_a
Peter King
245
_a
Private dwelling contemplating the use of housing
260
_b
Taylor and Francis Group Publishing
260
_c
2004
300
_a
194
999
_c
6464
_d
6464